000 00580cam a2200217ua 4500
001 10227
005 20260515114607.0
008 190403n ii |||gr||||Z||||||asm
040 _cMAIN
041 _aasm
082 _a809
100 _aParag Kumar Bhattacharyya,
_eAuthor.,
245 _aPrasanga :
_bbiswa sahitya /
_cBy Parag Kumar Bhattacharyya .
250 _a2nd enl. ed.
260 _aDibrugarh:
_bBanalata,
_c2014.
300 _a317p.
653 _aHistory, description & criticism
653 _aWorld literature
653 _aComparative literature
942 _cBK
999 _c9215
_d9215